[Event "DVM U10 2014"]
[Site "Magdeburg GER"]
[Date "2014.12.27"]
[Round "2"]
[White "Henneberg, Gregor"]
[Black "Joppich, Til"]
[Result "0-1"]
[Termination "normal"]
[Board "24.3"]
[WhiteElo "600"]
[BlackElo "902"]
[WhiteTeam "Schachzwerge Magdeburg 3"]
[BlackTeam "Schachzwerge Magdeburg 2"]
[PlyCount "22"]
[BlackFideId "16232917"]
[EventCountry "GER"]
[EventRounds "7"]
[EventType "team-swiss"]
[EventDate "2014.12.27"]

1. d4 d5 2. Nf3 Nc6 3. Nc3 Nf6 4. e4 dxe4 5. Bc4 exf3 6. gxf3 Nxd4 7. Bg5 e5 8.
Bd5 c6 9. Bxf6 Qxf6 10. Qd2 Qxf3 11. O-O cxd5 {nicht mehr nachvollziehar} 0-1

[Event "DVM U10 2014"]
[Site "Magdeburg GER"]
[Date "2014.12.27"]
[Round "2"]
[White "Schlie, Johann"]
[Black "Franke, Josef"]
[Result "1-0"]
[Termination "normal"]
[Board "25.1"]
[WhiteElo "890"]
[BlackElo "790"]
[WhiteTeam "Hagener SV 2"]
[BlackTeam "SK Neumarkt"]
[PlyCount "25"]
[WhiteFideId "16211596"]
[EventCountry "GER"]
[EventRounds "7"]
[EventType "team-swiss"]
[EventDate "2014.12.27"]

1. d4 d5 2. Bf4 Nf6 3. Nc3 Bf5 4. Nf3 e6 5. e3 Bb4 6. Qd2 O-O 7. Bd3 Qe8 8.
Bxf5 exf5 9. a3 Ne4 10. Qd3 Bd6 11. Nb5 Bxf4 12. exf4 Nc5+ 13. Qe2 {nicht mehr
nachvollziehbar} 0-1

[Event "DVM U10 2014"]
[Site "Magdeburg GER"]
[Date "2014.12.27"]
[Round "2"]
[White "Mayland, Jannis"]
[Black "Kraus, Jakob"]
[Result "1-0"]
[Termination "normal"]
[Board "25.3"]
[WhiteElo "817"]
[BlackElo "600"]
[WhiteTeam "Hagener SV 2"]
[BlackTeam "SK Neumarkt"]
[PlyCount "30"]
[WhiteFideId "16204824"]
[EventCountry "GER"]
[EventRounds "7"]
[EventType "team-swiss"]
[EventDate "2014.12.27"]

1. d4 d5 2. Bf4 Nc6 3. Nc3 e5 4. dxe5 Nb4 5. Qd2 Bf5 6. O-O-O Nxc2 7. e3 b5 8.
Bxb5+ Ke7 9. Nxd5+ Ke6 10. Nf3 Qxd5 11. Qxd5+ Ke7 12. Bd7 Rd8 13. Bg5+ f6 14.
exf6+ gxf6 15. Qxf5 fxg5 1-0

[Event "DVM U10 2014"]
[Site "Magdeburg GER"]
[Date "2014.12.27"]
[Round "2"]
[White "Franke, Maria"]
[Black "Maul, Maik"]
[Result "1-0"]
[Termination "normal"]
[Board "25.4"]
[WhiteElo "600"]
[BlackElo "600"]
[WhiteTeam "SK Neumarkt"]
[BlackTeam "Hagener SV 2"]
[PlyCount "46"]
[BlackFideId "16204816"]
[EventCountry "GER"]
[EventRounds "7"]
[EventType "team-swiss"]
[EventDate "2014.12.27"]

1. e3 d5 2. Bb5+ c6 3. Bd3 e6 4. Nf3 Be7 5. Nc3 Bd6 6. Ng5 Nf6 7. h4 h6 8. Nf3
e5 9. e4 Bg4 10. Qe2 d4 11. Na4 Bxf3 12. gxf3 Nbd7 13. h5 Qa5 14. b3 b5 15. Nb2
Ba3 16. Nd1 b4 17. c3 dxc3 18. dxc3 bxc3 19. Qc2 Bxc1 20. Rxc1 Nc5 21. Nxc3
Nxd3+ 22. Qxd3 Qa3 23. Rd1 Rd8 1-0

[Event "DVM U10 2014"]
[Site "Magdeburg GER"]
[Date "2014.12.27"]
[Round "2"]
[White "Junghans, Richard"]
[Black "Saage, Paul"]
[Result "1-0"]
[Termination "normal"]
[Board "26.1"]
[WhiteElo "1024"]
[BlackElo "907"]
[WhiteTeam "BSG Grün-Weiß Leipzig 3"]
[BlackTeam "Lübecker SV von 1873 2"]
[PlyCount "57"]
[WhiteFideId "16214544"]
[BlackFideId "16233891"]
[EventCountry "GER"]
[EventRounds "7"]
[EventType "team-swiss"]
[EventDate "2014.12.27"]

1. e4 e5 2. Nf3 Nc6 3. d4 exd4 4. Nxd4 Nf6 5. Nxc6 bxc6 6. Nc3 Bb4 7. f3 O-O 8.
Bd2 Nh5 9. g3 Qf6 10. a3 Bc5 11. Bg2 Ba6 12. Qc1 h6 13. g4 Qd4 14. Nd1 Nf6 15.
Be3 Qc4 16. Bf1 Qa4 17. Bxc5 d6 18. Be3 d5 19. b3 Qa5+ 20. b4 Qa4 21. Nb2 Bxf1
22. Nxa4 Bb5 23. e5 Nd7 24. Bc5 Rfe8 25. Nc3 Nxe5 26. Kf2 Bd3 27. Kg3 Bg6 28.
b5 h5 29. bxc6 {Rest nicht nachvollziehbar} 1-0

[Event "DVM U10 2014"]
[Site "Magdeburg GER"]
[Date "2014.12.27"]
[Round "2"]
[White "Janssen, Mattis"]
[Black "Tonne, Tobias"]
[Result "1/2-1/2"]
[Termination "normal"]
[Board "26.2"]
[WhiteElo "600"]
[BlackElo "881"]
[WhiteTeam "Lübecker SV von 1873 2"]
[BlackTeam "BSG Grün-Weiß Leipzig 3"]
[PlyCount "116"]
[EventCountry "GER"]
[EventRounds "7"]
[EventType "team-swiss"]
[EventDate "2014.12.27"]

1. e4 e5 2. Nf3 Nc6 3. Bc4 Bc5 4. d3 Nf6 5. Bg5 h6 6. Bh4 g5 7. Bg3 d6 8. Nc3
Bg4 9. Nd5 Nd4 10. Nxf6+ Qxf6 11. h3 Bxf3 12. gxf3 Qxf3 13. Kd2 Qxd1+ 14. Raxd1
Rf8 15. h4 g4 16. f4 exf4 17. Bxf4 O-O-O 18. Rdf1 Rg8 19. Bxh6 Rg6 20. Bg5 g3
21. Rhg1 Nf3+ 22. Rxf3 Bxg1 23. Rxg3 Bf2 24. Rf3 Rh8 25. Bxf7 Rxg5 26. hxg5 Rh2
27. Be6+ Kd8 28. g6 Bd4+ 29. Ke1 Rxc2 30. Re3 Bxe3 31. g7 Rg2 32. g8=Q+ Rxg8
33. Bxg8 Ke8 34. Ke2 Bh6 35. Kf3 Kf8 36. Bd5 b6 37. Kg4 Bg7 38. b3 c5 39. Kf5
Ke7 40. Kg6 Bd4 41. Kf5 b5 42. Kf4 a5 43. Bc6 b4 44. Kf3 Ke6 45. a4 Ke5 46. Ke2
Ke6 47. Kf3 Ke5 48. Bd5 Bc3 49. Kg4 Kd4 50. Kf5 Kxd3 51. Ke6 c4 52. bxc4 b3 53.
c5 b2 54. c6 b1=Q 55. c7 Qa1 56. c8=Q Qxa4 57. Qc7 Qd4 58. Kxd6 Qe5+ 1/2-1/2

[Event "DVM U10 2014"]
[Site "Magdeburg GER"]
[Date "2014.12.27"]
[Round "2"]
[White "Watts, Marius"]
[Black "Bornholdt, Joa Max"]
[Result "0-1"]
[Termination "normal"]
[Board "26.3"]
[WhiteElo "743"]
[BlackElo "600"]
[WhiteTeam "BSG Grün-Weiß Leipzig 3"]
[BlackTeam "Lübecker SV von 1873 2"]
[PlyCount "84"]
[WhiteFideId "12989363"]
[BlackFideId "16253477"]
[EventCountry "GER"]
[EventRounds "7"]
[EventType "team-swiss"]
[EventDate "2014.12.27"]

1. e4 e5 2. Nf3 Nc6 3. Nc3 Bc5 4. Bc4 Nf6 5. d3 d6 6. Be3 Bxe3 7. fxe3 Ng4 8.
Qd2 Qd7 9. O-O-O Qe7 10. h3 Nf6 11. g4 Be6 12. g5 Nh5 13. Rdg1 O-O-O 14. Bd5 h6
15. Bxc6 bxc6 16. gxh6 Rxh6 17. Rg2 Kb8 18. Rhg1 Qf8 19. Qd1 Ka8 20. Rg5 Nf6
21. R5g2 Rb8 22. Ng5 Bxh3 23. Nxh3 Rxh3 24. Qf1 Nh5 25. Qf5 Rxe3 26. Qxh5 g6
27. Qg4 d5 28. Qd7 d4 29. Qxc6+ Rb7 30. Nd5 Rh3 31. Nxc7+ Kb8 32. Nd5 Qh6+ 33.
Rd2 g5 34. Qd6+ Qxd6 35. Rxg5 a6 36. Rg8+ Ka7 37. Rdg2 Qh6+ 38. Kb1 Rh1+ 39.
Rg1 Qh2 40. R8g2 Qh7 41. Rg8 Qh6 42. a3 Rh2 {Rest nicht nachvollziehbar} 0-1

[Event "DVM U10 2014"]
[Site "Magdeburg GER"]
[Date "2014.12.27"]
[Round "2"]
[White "Berger, Jan Peter"]
[Black "Willberg, Marek"]
[Result "1-0"]
[Termination "normal"]
[Board "26.4"]
[WhiteElo "600"]
[BlackElo "759"]
[WhiteTeam "Lübecker SV von 1873 2"]
[BlackTeam "BSG Grün-Weiß Leipzig 3"]
[PlyCount "25"]
[BlackFideId "16224027"]
[EventCountry "GER"]
[EventRounds "7"]
[EventType "team-swiss"]
[EventDate "2014.12.27"]

1. e4 e5 2. Nf3 Nc6 3. Bc4 Nh6 4. Nc3 Bb4 5. d3 O-O 6. Bxh6 Bxc3+ 7. bxc3 gxh6
8. O-O d6 9. Qd2 h5 10. Qh6 Bg4 11. Ng5 Re8 12. Bxf7+ Kh8 13. Qxh7# 1-0

[Event "DVM U10 2014"]
[Site "Magdeburg GER"]
[Date "2014.12.27"]
[Round "2"]
[White "Wöstmann, Benjamin"]
[Black "Kruse, Kilian"]
[Result "0-1"]
[Termination "normal"]
[Board "27.1"]
[WhiteElo "600"]
[BlackElo "1167"]
[WhiteTeam "Hamburger SK 2"]
[BlackTeam "SC Borussia 1920 Friedrichsfelde"]
[PlyCount "76"]
[BlackFideId "16205413"]
[EventCountry "GER"]
[EventRounds "7"]
[EventType "team-swiss"]
[EventDate "2014.12.27"]

1. e4 c5 2. Bc4 d6 3. Nf3 Nf6 4. Nc3 Nc6 5. h3 g6 6. d3 Bg7 7. Bg5 Bd7 8. O-O
O-O 9. d4 cxd4 10. Nxd4 Nxd4 11. Qxd4 Bc6 12. e5 Nd7 13. Qe3 Nxe5 14. Bf4 Nxc4
15. Qc1 Qa5 16. b3 Nb6 17. Re1 Bxc3 18. Bd2 Bxd2 19. Qd1 Bxe1 20. Qxe1 Qxe1+
21. Rxe1 e5 22. Re3 f5 23. Rd3 d5 24. Kh2 Bb5 25. Re3 Rae8 26. a4 Ba6 27. g3 d4
28. Re1 Nd5 29. c4 dxc3 30. Rd1 Rd8 31. Kg2 c2 32. Rc1 Nb4 33. Kg1 Rd1+ 34.
Rxd1 cxd1=Q+ 35. Kg2 Qf1+ 36. Kf3 g5 37. h4 e4+ 38. Ke3 Qd3# 0-1

[Event "DVM U10 2014"]
[Site "Magdeburg GER"]
[Date "2014.12.27"]
[Round "2"]
[White "Kraft, Adrian"]
[Black "Zores, Kai"]
[Result "1-0"]
[Termination "normal"]
[Board "27.2"]
[WhiteElo "963"]
[BlackElo "600"]
[WhiteTeam "SC Borussia 1920 Friedrichsfelde"]
[BlackTeam "Hamburger SK 2"]
[PlyCount "64"]
[WhiteFideId "16235010"]
[EventCountry "GER"]
[EventRounds "7"]
[EventType "team-swiss"]
[EventDate "2014.12.27"]

1. e4 e5 2. Nf3 Nc6 3. Bb5 d6 4. O-O Bg4 5. h3 Bh5 6. Nc3 Be7 7. d3 Nh6 8. Qe1
Bxf3 9. gxf3 Bg5 10. Nd5 Bxc1 11. Rxc1 Qg5+ 12. Kh2 Rc8 13. Rg1 Qh5 14. Rg3 O-O
15. Bxc6 bxc6 16. Ne7+ Kh8 17. Nxc8 Rxc8 18. Qe3 f5 19. Qg5 Qxg5 20. Rxg5 f4
21. Rcg1 Rg8 22. c3 g6 23. d4 Nf7 24. R5g2 exd4 25. cxd4 d5 26. Rg4 dxe4 27.
fxe4 Rd8 28. Rxf4 Rxd4 29. Rxf7 Rxe4 30. Rxc7 Ra4 31. a3 Ra6 32. Rd1 Rb6 {Rest
nicht nachvollziehbar} 1-0

[Event "DVM U10 2014"]
[Site "Magdeburg GER"]
[Date "2014.12.27"]
[Round "2"]
[White "Grabbel, Torben Frederik"]
[Black "Müller, Stefan"]
[Result "1-0"]
[Termination "normal"]
[Board "27.3"]
[WhiteElo "600"]
[BlackElo "735"]
[WhiteTeam "Hamburger SK 2"]
[BlackTeam "SC Borussia 1920 Friedrichsfelde"]
[PlyCount "89"]
[WhiteFideId "16219180"]
[EventCountry "GER"]
[EventRounds "7"]
[EventType "team-swiss"]
[EventDate "2014.12.27"]

1. d4 c6 2. e4 d5 3. e5 Bf5 4. Nf3 e6 5. Nc3 Bb4 6. Bd2 Bg4 7. g3 Ne7 8. Bg2
Nf5 9. O-O O-O 10. Ne2 Bxd2 11. Qxd2 f6 12. Qb4 b6 13. Nf4 fxe5 14. Nxe6 c5 15.
dxc5 Qf6 16. Nxf8 Qxf8 17. Nxe5 bxc5 18. Qb7 Nc6 19. Qxc6 Ne7 20. Qxc5 Rc8 21.
Qd4 Bf5 22. Qxa7 Qf6 23. Nd3 Rxc2 24. Qa4 Bxd3 25. Qe8+ Qf8 26. Qa4 Rxb2 27.
Rac1 Qd8 28. Rfd1 Be2 29. Re1 d4 30. Be4 Nc8 31. Rc5 Nb6 32. Qc6 d3 33. Re5 Kf7
34. Qe6+ Kf8 35. Rf5+ Qf6 36. Rxf6+ gxf6 37. Qxf6+ Kg8 38. Qxb2 Nc4 39. Bd5+
Kf8 40. Bxc4 Bf3 41. Bxd3 Bc6 42. Qf6+ Kg8 43. Qxc6 h5 44. Qg6+ Kf8 45. Re8#
1-0

[Event "DVM U10 2014"]
[Site "Magdeburg GER"]
[Date "2014.12.28"]
[Round "4"]
[White "Nguyen, Alex Dac-Vuong"]
[Black "Kamp, Adrian"]
[Result "1-0"]
[Termination "normal"]
[Board "1.1"]
[WhiteElo "1835"]
[BlackElo "1413"]
[WhiteTeam "BSG Grün-Weiß Leipzig 1"]
[BlackTeam "SK Münster 32"]
[PlyCount "51"]
[WhiteFideId "12984388"]
[BlackFideId "16222466"]
[EventCountry "GER"]
[EventRounds "7"]
[EventType "team-swiss"]
[EventDate "2014.12.27"]

1. e4 e5 2. Nf3 d6 3. d4 exd4 4. Nxd4 Nf6 5. Nc3 g6 6. Be3 Bg7 7. f3 O-O 8. Qd2
Nc6 9. O-O-O Bd7 10. g4 Rc8 11. h4 h5 12. gxh5 Nxh5 13. Rg1 Re8 14. Be2 a6 15.
f4 Nxd4 16. Bxd4 Bxd4 17. Qxd4 Nxf4 18. h5 Qe7 19. Rde1 Qe5 20. Qd2 Nxh5 21.
Qh6 Ng7 22. Rh1 f6 23. Reg1 g5 24. Rh5 Nxh5 25. Bxh5 g4 26. Qg6+ 1-0

[Event "DVM U10 2014"]
[Site "Magdeburg GER"]
[Date "2014.12.28"]
[Round "4"]
[White "Toval, David"]
[Black "Haufe, Laurin"]
[Result "1-0"]
[Termination "normal"]
[Board "1.2"]
[WhiteElo "1528"]
[BlackElo "1476"]
[WhiteTeam "SK Münster 32"]
[BlackTeam "BSG Grün-Weiß Leipzig 1"]
[PlyCount "57"]
[WhiteFideId "12992755"]
[BlackFideId "12976504"]
[EventCountry "GER"]
[EventRounds "7"]
[EventType "team-swiss"]
[EventDate "2014.12.27"]

1. e4 c5 2. Nf3 d6 3. d4 cxd4 4. Nxd4 Nf6 5. Nc3 a6 6. Be3 e5 7. Nb3 Be6 8. Be2
Be7 9. Qd2 O-O 10. f3 Nbd7 11. O-O-O b5 12. a3 Bxb3 13. cxb3 Nc5 14. Kc2 Qc7
15. g4 Rab8 16. Bxc5 dxc5 17. Kb1 b4 18. Nd5 Nxd5 19. Qxd5 bxa3 20. Bc4 Bf6 21.
Qd2 axb2 22. h4 Rbd8 23. Qc2 a5 24. Bd5 Rd7 25. Qc4 Rb8 26. g5 Bd8 27. Kxb2 a4
28. Rd3 axb3 29. Rhd1 {Rest nicht nachvollziehbar} 1-0

[Event "DVM U10 2014"]
[Site "Magdeburg GER"]
[Date "2014.12.28"]
[Round "4"]
[White "Hinze, Aaron"]
[Black "Schröder, Lennart"]
[Result "1-0"]
[Termination "normal"]
[Board "1.3"]
[WhiteElo "1271"]
[BlackElo "1188"]
[WhiteTeam "BSG Grün-Weiß Leipzig 1"]
[BlackTeam "SK Münster 32"]
[PlyCount "107"]
[WhiteFideId "12990183"]
[BlackFideId "16222490"]
[EventCountry "GER"]
[EventRounds "7"]
[EventType "team-swiss"]
[EventDate "2014.12.27"]

1. e4 e6 2. d4 d5 3. e5 c5 4. c3 Nc6 5. Nf3 Qb6 6. Bd3 Bd7 7. Bc2 Be7 8. O-O f6
9. Re1 h5 10. Bg6+ Kd8 11. b3 Kc7 12. Bf4 f5 13. h3 Bf8 14. Bg5 Nge7 15. Bxe7
Nxe7 16. Nh4 Nxg6 17. Nxg6 Rh6 18. Nxf8 Rxf8 19. Qc2 Kb8 20. Rd1 g5 21. Qd2 f4
22. g3 g4 23. h4 Rh7 24. Rf1 fxg3 25. fxg3 Rxf1+ 26. Kxf1 Rf7+ 27. Kg1 Qd8 28.
Qg5 Qf8 29. Nd2 Rf5 30. Rf1 Rxf1+ 31. Nxf1 Bb5 32. Ne3 a5 33. Qf6 Qxf6 34. exf6
Be8 35. dxc5 Kc7 36. b4 axb4 37. cxb4 d4 38. Nc4 Kc6 39. Ne5+ Kd5 40. f7 Bxf7
41. Nxf7 e5 42. Kf2 Ke4 43. Ke2 d3+ 44. Kd2 Kf3 45. Nxe5+ Kxg3 46. Nxd3 Kh2 47.
Ne1 g3 48. b5 g2 49. Nxg2 Kxg2 50. c6 bxc6 51. bxc6 Kg3 52. c7 Kxh4 53. c8=Q
Kg3 54. Qc3+ 1-0

[Event "DVM U10 2014"]
[Site "Magdeburg GER"]
[Date "2014.12.28"]
[Round "4"]
[White "Zeuner, Ole"]
[Black "Brunner, Sophia"]
[Result "1/2-1/2"]
[Termination "normal"]
[Board "2.1"]
[WhiteElo "1484"]
[BlackElo "1429"]
[WhiteTeam "Schachzwerge Magdeburg 1"]
[BlackTeam "Hagener SV 1"]
[PlyCount "106"]
[WhiteFideId "12943576"]
[BlackFideId "12960683"]
[EventCountry "GER"]
[EventRounds "7"]
[EventType "team-swiss"]
[EventDate "2014.12.27"]

1. e4 Nf6 2. e5 Nd5 3. d4 d6 4. c4 Nb6 5. f4 dxe5 6. fxe5 Nc6 7. Be3 Bf5 8. Nf3
e6 9. Nc3 Be7 10. Be2 Na5 11. O-O Qd7 12. b3 Nc6 13. d5 exd5 14. cxd5 Nb4 15.
Bb5 c6 16. dxc6 bxc6 17. Qxd7+ Bxd7 18. Ba4 Nxa4 19. Nxa4 Nc2 20. Bd2 Nxa1 21.
Rxa1 O-O 22. Be3 Rfc8 23. Nc5 Bxc5 24. Bxc5 Be6 25. Kf2 Bd5 26. Nd4 Re8 27. Re1
Rab8 28. Kg3 h6 29. h4 a6 30. Kh3 Be6+ 31. Kh2 Rec8 32. g3 Rb7 33. Kg2 Rd7 34.
Kf3 Rd5 35. b4 a5 36. a3 axb4 37. axb4 Rc7 38. Kf4 Bd7 39. g4 Be6 40. Re2 Rc8
41. g5 Bd7 42. Ra2 Be6 43. Ra3 Rxd4+ 44. Bxd4 Rd8 45. Bc5 Rc8 46. Bd6 Bd5 47.
Kf5 Be6+ 48. Kf4 Bd5 49. Ra7 Re8 50. Re7 Rxe7 51. Bxe7 Be6 52. Ke4 Bb3 53. Bc5
Kh7 1/2-1/2

[Event "DVM U10 2014"]
[Site "Magdeburg GER"]
[Date "2014.12.28"]
[Round "4"]
[White "Buchloh, Adrian"]
[Black "Eschner, Fabian"]
[Result "1-0"]
[Termination "normal"]
[Board "2.2"]
[WhiteElo "1580"]
[BlackElo "1216"]
[WhiteTeam "Hagener SV 1"]
[BlackTeam "Schachzwerge Magdeburg 1"]
[PlyCount "97"]
[WhiteFideId "12960675"]
[BlackFideId "16232860"]
[EventCountry "GER"]
[EventRounds "7"]
[EventType "team-swiss"]
[EventDate "2014.12.27"]

1. d4 c5 2. d5 Nf6 3. c4 d6 4. Nc3 e6 5. e4 Be7 6. Nf3 O-O 7. Be2 Bd7 8. O-O a6
9. Qc2 Be8 10. h3 Nfd7 11. Be3 Bf6 12. Rad1 Ne5 13. Nxe5 Bxe5 14. dxe6 fxe6 15.
Bxc5 Qc7 16. Be3 Nc6 17. b3 Rd8 18. Rd2 Bg6 19. Rfd1 Nb4 20. Qc1 b5 21. a3 Nc6
22. cxb5 Ne7 23. -- Rc8 24. Bd4 Bf4 25. Qb2 e5 26. Be3 Bxe4 27. Bd3 Bxd3 28.
Rxd3 e4 29. R3d2 Bxe3 30. fxe3 Qb6 31. Re2 d5 32. bxa6 Qxa6 33. b4 Rf6 34. Ree1
Qc4 35. Rc1 Qd3 36. Qc2 Rfc6 37. Qa4 Rxc3 38. Rxc3 Rxc3 39. Rf1 Qxe3+ 40. Kh1
h6 41. Qd7 Qg5 42. Qe6+ Kh7 43. Rf7 Qg3 44. Rf1 Qg5 45. Rf7 Qg3 46. Rf1 Qh4 47.
Rf7 Rc7 48. Qe5 Ra7 49. Qxg7# 1-0

[Event "DVM U10 2014"]
[Site "Magdeburg GER"]
[Date "2014.12.28"]
[Round "4"]
[White "Mirschel, Thaddeus"]
[Black "Scheidt, Mike Niklas"]
[Result "0-1"]
[Termination "normal"]
[Board "2.3"]
[WhiteElo "1006"]
[BlackElo "1363"]
[WhiteTeam "Schachzwerge Magdeburg 1"]
[BlackTeam "Hagener SV 1"]
[PlyCount "84"]
[WhiteFideId "16277570"]
[BlackFideId "12965235"]
[EventCountry "GER"]
[EventRounds "7"]
[EventType "team-swiss"]
[EventDate "2014.12.27"]

1. e4 d5 2. exd5 Qxd5 3. Nc3 Qa5 4. d4 Nf6 5. Nf3 Bg4 6. h3 Bh5 7. g4 Bg6 8.
Bc4 e6 9. Bd2 Qb6 10. Na4 Qc6 11. Qe2 a6 12. O-O-O Qxa4 13. Bf4 Bd6 14. Bb3
Bxf4+ 15. Kb1 Qd7 16. d5 O-O 17. dxe6 Qe8 18. exf7+ Bxf7 19. Bxf7+ Qxf7 20. Ne5
Bxe5 21. Qxe5 Nc6 22. Qf5 Nb4 23. b3 g6 24. Qf4 Nbd5 25. Qf3 Ne4 26. Rd3 Qxf3
27. Rxf3 Rxf3 28. Re1 Re8 29. c4 Nd2+ 30. Kc2 Rxe1 31. Kxd2 Re5 32. cxd5 Rxd5+
33. Ke1 Re5+ 34. Kf1 Rxh3 35. Kg2 Rd3 36. f3 Rd2+ 37. Kg3 Rxa2 38. b4 Ra3 39.
Kf4 Ree3 40. g5 Rxf3+ 41. Kg4 Rae3 42. Kh4 Re4# 0-1

[Event "DVM U10 2014"]
[Site "Magdeburg GER"]
[Date "2014.12.28"]
[Round "4"]
[White "Schmidt, Paul"]
[Black "Heutling, Elina"]
[Result "1-0"]
[Termination "normal"]
[Board "2.4"]
[WhiteElo "891"]
[BlackElo "972"]
[WhiteClock "00:03:01"]
[BlackClock "00:04:13"]
[WhiteTeam "Hagener SV 1"]
[BlackTeam "Schachzwerge Magdeburg 1"]
[PlyCount "145"]
[WhiteFideId "16214137"]
[BlackFideId "16244729"]
[EventCountry "GER"]
[EventRounds "7"]
[EventType "team-swiss"]
[EventDate "2014.12.27"]

1. d4 c5 2. Nf3 e6 3. Bf4 Nf6 4. Nc3 d5 5. e3 Bd6 6. Bxd6 Qxd6 7. Qd3 O-O 8.
Be2 Nc6 9. O-O Nb4 10. Qd2 Bd7 11. a3 Nc6 12. Nb5 Ne4 13. Nxd6 Nxd2 14. Nxd2
cxd4 15. exd4 Nxd4 16. Bd3 Bc6 17. c3 Rad8 18. Nxb7 Bxb7 19. cxd4 Rfe8 20. Rfe1
f6 21. Re2 e5 22. Rae1 e4 23. Bb5 Re6 24. f3 f5 25. Nf1 a6 26. Ba4 Rdd6 27. Ng3
g6 28. fxe4 dxe4 29. Bb3 Bd5 30. Bxd5 Rxd5 31. Rd1 h5 32. b4 a5 33. Nh1 axb4
34. axb4 g5 35. Ng3 Kf7 36. Nxh5 Kg6 37. Ng3 e3 38. Rd3 f4 39. Nf1 Rb6 40. g3
Kf5 41. Nxe3+ fxe3 42. Rdxe3 Rxd4 43. Re5+ Kg6 44. Re6+ Rxe6 45. Rxe6+ Kf5 46.
Rb6 Kg4 47. Rf6 Rxb4 48. Kg2 Rb2+ 49. Rf2 Rxf2+ 50. Kxf2 Kh3 51. Kg1 Kg4 52.
Kg2 Kf5 53. h3 g4 54. h4 Kg6 55. Kf2 Kh5 56. Ke3 Kg6 57. Kf4 Kh5 58. Kf5 Kh6
59. Kxg4 Kg6 60. h5+ Kh6 61. Kh4 Kg7 62. g4 Kh7 63. g5 Kg7 64. Kg4 Kh7 65. Kf5
Kg7 66. h6+ Kh7 67. Kf6 Kg8 68. g6 Kh8 69. g7+ Kh7 70. Kf7 Kxh6 71. g8=Q Kh5
72. Qg3 Kh6 73. Qg6# 1-0

[Event "DVM U10 2014"]
[Site "Magdeburg GER"]
[Date "2014.12.28"]
[Round "4"]
[White "Weihrauch, Jakob"]
[Black "Noever, Niklas"]
[Result "1-0"]
[Termination "normal"]
[Board "3.1"]
[WhiteElo "1602"]
[BlackElo "1400"]
[WhiteClock "00:50:44"]
[BlackClock "00:34:23"]
[WhiteTeam "Hamburger SK 1"]
[BlackTeam "Rheydter Schachverein 1920"]
[PlyCount "65"]
[WhiteFideId "16210115"]
[BlackFideId "12988642"]
[EventCountry "GER"]
[EventRounds "7"]
[EventType "team-swiss"]
[EventDate "2014.12.27"]

1. e4 c5 2. Nf3 d6 3. d4 cxd4 4. Nxd4 Nf6 5. Nc3 g6 6. Be3 Bg7 7. Qd2 Nc6 8.
O-O-O O-O 9. f3 Bd7 10. g4 Ne8 11. h4 Nc7 12. h5 Nxd4 13. Bxd4 Bxd4 14. Qxd4
Ne6 15. Qd2 g5 16. Bc4 f6 17. f4 Kg7 18. Bxe6 Bxe6 19. fxg5 fxg5 20. Qxg5+ Kf7
21. Rhf1+ Ke8 22. Rxf8+ Kxf8 23. Qh6+ Ke8 24. Qxe6 Qc8 25. Qxc8+ Rxc8 26. g5
Kf7 27. Rf1+ Kg7 28. Kd2 Rc5 29. Rf5 Rc7 30. Nd5 Rd7 31. Nf4 e6 32. Nxe6+ Kg8
33. Rf8# 1-0

[Event "DVM U10 2014"]
[Site "Magdeburg GER"]
[Date "2014.12.28"]
[Round "4"]
[White "Bartels, Simon"]
[Black "Klaas, Heiko"]
[Result "1-0"]
[Termination "normal"]
[Board "3.2"]
[WhiteElo "1235"]
[BlackElo "1107"]
[WhiteClock "00:25:41"]
[BlackClock "00:25:06"]
[WhiteTeam "Rheydter Schachverein 1920"]
[BlackTeam "Hamburger SK 1"]
[PlyCount "31"]
[WhiteFideId "12990140"]
[BlackFideId "16215940"]
[EventCountry "GER"]
[EventRounds "7"]
[EventType "team-swiss"]
[EventDate "2014.12.27"]

1. e4 e5 2. Nf3 Nc6 3. Nc3 Nf6 4. Be2 Bc5 5. Nxe5 Nxe5 6. d4 Bxd4 7. Qxd4 Nc6
8. Qd1 O-O 9. O-O d6 10. Bg5 h6 11. Bh4 Ne5 12. f4 Ng6 13. Bg3 c6 14. Qd2 d5
15. Rad1 Qd6 16. Bf2 {nicht mehr nachvollziebar} 1-0

[Event "DVM U10 2014"]
[Site "Magdeburg GER"]
[Date "2014.12.28"]
[Round "4"]
[White "Bölke, Roman"]
[Black "Leßmann, Sönke"]
[Result "1/2-1/2"]
[Termination "normal"]
[Board "3.3"]
[WhiteElo "1019"]
[BlackElo "1151"]
[WhiteClock "00:33:13"]
[BlackClock "00:14:05"]
[WhiteTeam "Hamburger SK 1"]
[BlackTeam "Rheydter Schachverein 1920"]
[PlyCount "116"]
[BlackFideId "16222520"]
[EventCountry "GER"]
[EventRounds "7"]
[EventType "team-swiss"]
[EventDate "2014.12.27"]

1. e4 e5 2. Nf3 Nc6 3. d4 exd4 4. Nxd4 Nxd4 5. Qxd4 d6 6. Bc4 Be6 7. Nc3 Nf6 8.
Bg5 Be7 9. O-O-O O-O 10. h4 h6 11. Be3 Ng4 12. f3 Nxe3 13. Qxe3 Bxc4 14. b3 Be6
15. Qd3 c6 16. g4 g6 17. Qd4 Bf6 18. Qe3 g5 19. hxg5 Bxg5 20. f4 Kg7 21. fxg5
Qxg5 22. Qxg5+ hxg5 23. Rxd6 Rad8 24. Rxd8 Rxd8 25. Rg1 Rh8 26. Nd1 Rh4 27. Nf2
Kf6 28. Kd2 Ke5 29. Ke3 b6 30. a3 a6 31. b4 Bd7 32. c3 f6 33. Rg2 Be6 34. Rg1
Bd7 35. Rg2 Bc8 36. Rg3 Be6 37. Rg2 Bd7 38. Rg3 Rh2 39. Nd3+ Kd6 40. Nf2 c5 41.
Rf3 Rh6 42. Kd3 Ke5 43. Ke3 Rh7 44. Nd3+ Ke6 45. bxc5 bxc5 46. Nxc5+ Kd6 47.
Nxa6 Bxg4 48. Rxf6+ Ke5 49. Rg6 Rh3+ 50. Kf2 Kxe4 51. Rxg5 Rf3+ 52. Kg2 Bh3+
53. Kh2 Rxc3 54. a4 Rc6 55. Nb8 Rb6 56. Kxh3 Rxb8 57. Rg4+ Kd5 58. a5 Ra8
1/2-1/2

[Event "DVM U10 2014"]
[Site "Magdeburg GER"]
[Date "2014.12.28"]
[Round "4"]
[White "Hansen, Jonah"]
[Black "Fuhrmann, Philipp"]
[Result "0-1"]
[Termination "normal"]
[Board "3.4"]
[WhiteElo "939"]
[BlackElo "756"]
[WhiteClock "00:07:43"]
[BlackClock "00:15:31"]
[WhiteTeam "Rheydter Schachverein 1920"]
[BlackTeam "Hamburger SK 1"]
[PlyCount "129"]
[WhiteFideId "16276841"]
[BlackFideId "16227557"]
[EventCountry "GER"]
[EventRounds "7"]
[EventType "team-swiss"]
[EventDate "2014.12.27"]

1. e4 e5 2. Nf3 d6 3. Bc4 Nf6 4. d3 Bg4 5. Bg5 Be7 6. h3 Bh5 7. Bxf6 Bxf6 8.
Nc3 Nd7 9. O-O c6 10. Qe2 Bg5 11. a3 b5 12. Bb3 O-O 13. Ba2 a5 14. Rad1 b4 15.
Na4 c5 16. c3 Rb8 17. d4 cxd4 18. cxd4 exd4 19. Rxd4 b3 20. Bb1 Ne5 21. g4
Nxf3+ 22. Qxf3 Bf6 23. Rd5 Bg6 24. Re1 Qc7 25. Qg3 Rfe8 26. Qxd6 Qxd6 27. Rxd6
Ra8 28. Rb6 Reb8 29. Rxb8+ Rxb8 30. Re2 Rc8 31. Re1 Rc4 32. Nb6 Rc6 33. Na4 Rc4
34. Nb6 Rd4 35. Rc1 h6 36. f3 Rd2 37. Nc4 Bd4+ 38. Kf1 Rh2 39. Ke1 Bf6 40. Nxa5
Bxb2 41. Rc8+ Kh7 42. Nxb3 Rh1+ 43. Kd2 Rxb1 44. Kc2 Rh1 45. Kxb2 Rxh3 46. Nd2
Rh2 47. Kc2 Rh1 48. a4 Ra1 49. Ra8 h5 50. gxh5 Bxh5 51. a5 Ra2+ 52. Kc3 Ra1 53.
Kb4 Ra2 54. a6 Rxd2 55. Kb5 Bxf3 56. a7 Ra2 57. Kb6 Bxe4 58. Rd8 f5 59. Rd1 f4
60. Re1 Bg2 61. Rg1 f3 62. Rd1 f2 63. Rd2 Rxd2 64. a8=Q Bxa8 65. Kc5 0-1